Music Quiz

Random Music or Artist Quiz
Score 0/24 Timer 04:00
0 Plays Today
% Correct
Shine
93.5%
Stop
93.3%
Give
93%
Make
92%
Come
91.3%
Up
91%
Marry
90.8%
Girl
90.8%
Do
90.6%
Miracle
89.5%
Love
88.9%
Heart
88.4%
% Correct
Rhythm
83.7%
Married
82.1%
Sweat
79.8%
Fall
77.7%
Me
77.3%
Get
76%
Take
72.9%
Fly
70.9%
Getcha
64.4%
Be
61.3%
Leave
60.1%
Lose
54.5%
Remove Ads.
Support Sporcle.
Get the best of Sporcle when you Go Orange. This ad-free experience offers more features, more stats, and more fun while also helping to support Sporcle. Thank you for becoming a member.

You're not logged in!

Compare scores with friends on all Sporcle quizzes.
OR
Log In

Sporcle TV

Today on Sporcle TV


Watch our educational content, quiz creation guides, and fun videos on Sporcle TV.

Show Comments

Extras

Top Quizzes Today


Score Distribution

Paid Content

Your Account Isn't Verified!

In order to create a playlist on Sporcle, you need to verify the email address you used during registration. Go to your Sporcle Settings to finish the process.

Report this User

Report this user for behavior that violates our Community Guidelines.

Details: